| 000 | 00711nam a2200217 a 4500 | ||
|---|---|---|---|
| 001 | BRCA_2742 | ||
| 005 | 20190320203941.0 | ||
| 008 | 041208s1954----fr-a---###---#000-0#fre-u | ||
| 050 | 4 |
_aND553 _b.A34D3 1954 |
|
| 100 | 1 |
_aAdhémar, Jean _97724 |
|
| 245 | 1 | 0 |
_aHonore Daumier _cJean Adhémar. |
| 260 |
_aParis _bP. Tisne _c1954 |
||
| 300 |
_a147 p. _bil. _c29 cm. |
||
| 500 | _aIncluye tabla cronológica y de materias, índice alfabético, notas analíticas y catálogo de exposición. AA65 | ||
| 504 | _aBibliografía : p. 133-137 | ||
| 650 | 1 | 4 |
_aLitografistas franceses _97725 |
| 650 | 1 | 4 |
_aPintores franceses _97726 |
| 700 | 1 |
_aDaumier, Honore Victorin _d1808-1879 _97727 |
|
| 902 | _aGFM | ||
| 942 |
_2lcc _cB |
||
| 999 |
_c2482 _d2482 |
||